Statistics for previous name of different countries

Click here to take the quiz!

General Stats

  • This quiz has been taken 46 times
  • The average score is 11 of 15

Answer Stats

HintAnswer% Correct
BurmaMyanmar
100%
PersiaIran
97%
ZaïreDemocratic Republic of the Congo
92%
PalestineIsrael
89%
CeylonSri Lanka
89%
SiamThailand
89%
East PakistanBangladesh
87%
Irish Free StateIreland
84%
UrundiBurundi
76%
Dutch East IndiesIndonesia
71%
KampucheaCambodia
66%
New SpainMexico
61%
New GranadaColombia
26%
DahomeyBenin
24%
Terra de Santa CruzBrazil
24%

Score Distribution

Percentile by Number Answered

Percent of People with Each Score

Your Score History

You have not taken this quiz